000 00283nam a2200121 a 4500
008 101022s1988|||| d
100 1 _aLisická, Helena
245 1 0 _aPáv zpívá o štěstí
260 _bMladá fronta
_aPraha
_c1988
020 _c26
041 _aces
044 _aCZ
999 _c11309
_d11309